2014/2015 English Premier League Goalkeepers - Statistics

General Stats
  • This quiz has been taken 172 times
  • The average score is 39 of 81
Answer Stats
Hint Goalkeeper % Correct
1- Spain David De Gea
94%
1- Czech Republic Petr Cech
94%
1- England Joe Hart
91%
24- USA Tim Howard
89%
1- France Hugo Lloris
85%
13- Belgium Thibaut Courtois
84%
13- Colombia David Ospina
83%
22- Belgium Simon Mignolet
82%
1- Denmark Kasper Schmeichel
78%
1- Netherlands Tim Krul
76%
1- Bosnia Herzegovina Asmir Begovic
71%
1- Poland Łukasz Fabiański
70%
13- Netherlands Michel Vorm
68%
a
66%
a
66%
a
66%
a
66%
a
66%
a
66%
a
66%
a
66%
a
66%
a
66%
a
66%
a
66%
a
66%
a
66%
a
66%
a
66%
a
66%
a
66%
a
66%
a
66%
23- England Fraser Forster
65%
1- Poland Wojciech Szczesny
65%
1- England Ben Foster
64%
13- Argentina Willy Caballero
63%
31- Ireland Shay Given
61%
24- USA Brad Friedel
60%
1- USA Brad Guzan
60%
1- England Tom Heaton
59%
13- Spain Adrian
56%
1- England Robert Green
52%
13- Wales Wayne Hennessey
52%
13- Denmark Anders Lindegaard
51%
1- Romania Costel Pantilimon
49%
1- Australia Brad Jones
47%
32- Spain Victor Valdes
46%
1- Spain Joel Robles
44%
32- Australia Mark Schwarzer
40%
22- England Jack Butland
39%
1- Scotland Allan McGregor
37%
1- Argentina Julian Speroni
35%
13- England Jordan Pickford
34%
22- Finland Jussi Jääskeläinen
34%
25- Italy Vito Mannone
34%
12- England Alex McCarthy
32%
52- Wales Danny Ward
32%
46- England Jamal Blackman
27%
21- Ireland Rob Elliot
26%
13- Wales Boaz Myhill
20%
16- Switzerland Eldin Jakupović
19%
25- Germany Gerhard Tremmel
18%
25- Argentina Paulo Gazzaniga
18%
29- Denmark Thomas Sørensen
18%
1- England Kelvin Davis
17%
29- England Richard Wright
16%
22- England Steve Harper
15%
12- England Ben Hamer
12%
13- England Jed Steer
9%
25- Ireland Conrad Logan
6%
22- Scotland Matt Gilks
6%
36- Czech Republic Jindřich Staněk
5%
34- Switzerland Raphael Spiegel
5%
21- Ireland Brian Murphy
4%
26- Scotland Chris Kettings
4%
41- USA Cody Cropper
3%
45- England Russell Griffiths
3%
33- Switzerland Benjamin Siegrist
2%
13- Wales David Cornell
2%
38- England Jack Rose
1%
No matching quizzes found
Score Distribution
Percent of People with Each Score
Percentile by Number Answered
Your Score History
You have not taken this quiz